000
00260nam a22001217a 4500
008
181102b xxu||||| |||| 00| 0 eng d
041
_a
eng
080
_a
941
100
_a
17
101
_a
HIS
245
_a
From Bomba to Hip-Hop
_c
Flores, J
942
_2
udc
_c
BK
999
_c
51681
_d
51681